000 nam a22 4500
999 _c29452
_d29452
008 171206b xxu||||| |||| 00| 0 eng d
020 _a9780761942160
050 _aLB 2369 .H37 2013
100 _aHart, Chris
245 _aDoing your masters dissertation :
_b realizing your potential as a social scientist /
_cChris Hart
260 _a Los Angeles [u.a.] :
_bSAGE Publ.,
_c20013.
300 _a xiii, 481 S. :
_bgraph. Darst. ;
_c24 cm.
500 _aIncludes bibliographical references and index.
650 _aDissertation.
942 _2lcc
_cBOOKS
_hLB 2369 .H37 2013